[Event "ICS rated standard match"]
[Site "204.178.125.65"]
[Date "2000.07.31"]
[Round "?"]
[White "JudgeTurpin"]
[Black "Hossa"]
[Result "1-0"]
[WhiteElo "2415"]
[BlackElo "2280"]
[PlyCount "145"]
[EventDate "2000.??.??"]

1. d4 Nf6 2. c4 e6 3. Nf3 b6 4. Nc3 Bb4 5. Bg5 Bb7 6. e3 h6 7. Bh4 g5 8. Bg3
Ne4 9. Qc2 h5 10. Bd3 Nxg3 11. hxg3 g4 12. Nh4 Nc6 13. a3 Bxc3+ 14. Qxc3 Qf6
15. Qc2 Ne7 16. c5 bxc5 17. Qxc5 Bc6 18. b4 d6 19. Qa5 Nd5 20. Rc1 Bd7 21. Ba6
Rb8 22. Bc4 Nb6 23. Bb3 Rb7 24. Qa6 Bc8 25. Ba4+ Nxa4 26. Qxa4+ Kd8 27. Qa5 Qe7
28. O-O a6 29. Qxa6 Rxb4 30. Qa8 Rb2 31. Rb1 Ra2 32. Rb8 Qd7 33. Rc1 Rf8 34.
Qa5 Rg8 35. e4 Re2 36. e5 dxe5 37. dxe5 Re4 38. Qc3 Rd4 39. Qc2 Rf8 40. Re1 Rd2
41. Qc5 Rg8 42. Rc1 Rd5 43. Qe3 Rd1+ 44. Rxd1 Qxd1+ 45. Kh2 Ke7 46. Qc5+ Kd8
47. Rb4 Bd7 48. Rd4 Qa1 49. Qc4 Kc8 50. Qa6+ Kd8 51. Qa4 Qxd4 52. Qxd4 Ke7 53.
Qb4+ Kd8 54. a4 Bc8 55. a5 Rh8 56. Qb8 Kd7 57. a6 Rd8 58. a7 Ba6 59. a8=Q Rxb8
60. Qxb8 Bc8 61. Qb4 Ke8 62. Qc5 Bd7 63. Qxc7 Ke7 64. Qb8 Bc6 65. Qd6+ Ke8 66.
Qxc6+ Kd8 67. Qb7 Ke8 68. Qc7 Kf8 69. Qd8+ Kg7 70. Qf6+ Kg8 71. Kg1 Kh7 72.
Qxf7+ Kh6 73. Qg6# {Hossa checkmated} 1-0

[Event "ICS rated standard match"]
[Site "204.178.125.65"]
[Date "2000.07.31"]
[Round "?"]
[White "JoseCapaAnton"]
[Black "Hossa"]
[Result "0-1"]
[WhiteElo "1942"]
[BlackElo "2274"]
[PlyCount "158"]
[EventDate "2000.??.??"]

1. e4 e6 2. d4 d5 3. exd5 exd5 4. Bd3 Bd6 5. Nf3 Bg4 6. h3 Bh5 7. O-O Ne7 8. c3
f6 9. Be3 Nd7 10. Re1 O-O 11. Be2 Nb6 12. Nfd2 Bf7 13. Nf3 Qd7 14. Bd3 Bh5 15.
Be2 c6 16. Nh2 Bxe2 17. Rxe2 Nf5 18. Nd2 Nxe3 19. Rxe3 Bf4 20. Re2 Rae8 21.
Ndf3 Re4 22. Qc2 Rxe2 23. Qxe2 Re8 24. Qd3 Nc4 25. b3 Nd6 26. Nf1 b6 27. N1d2
g6 28. Rd1 a5 29. Qb1 Re2 30. Kf1 Re7 31. Re1 Bxd2 32. Nxd2 Qe8 33. Rxe7 Qxe7
34. Qe1 Qxe1+ 35. Kxe1 Nb5 36. Nb1 Kf7 37. Kd2 c5 38. dxc5 bxc5 39. a4 Nd6 40.
Na3 Ne4+ 41. Ke3 Nxc3 42. f4 Ke7 43. Kd3 Ne4 44. Nb5 g5 45. fxg5 fxg5 46. Na7
Kd6 47. Nc8+ Kd7 48. Nb6+ Ke6 49. Nc8 h5 50. Na7 Kd6 51. Nc8+ Kd7 52. Nb6+ Ke6
53. Nc8 g4 54. hxg4 hxg4 55. Na7 Kd6 56. Ke3 g3 57. Nb5+ Kd7 58. Kf4 Nd2 59.
Kxg3 Nxb3 60. Kf4 Kc6 61. g4 d4 62. Ke4 Nd2+ 63. Kd3 Nf3 64. Na3 Kd5 65. Nb1
Ne5+ 66. Kd2 Nxg4 67. Na3 c4 68. Nb5 Nf2 69. Na3 Ne4+ 70. Kc2 d3+ 71. Kc1 c3
72. Nb5 Kc4 73. Na3+ Kb3 74. Nb5 d2+ 75. Kd1 c2+ 76. Ke2 d1=Q+ 77. Ke3 c1=Q+
78. Kxe4 Qe2+ 79. Kd4 Qcc4# 0-1

[Event "ICS rated blitz match"]
[Site "204.178.125.65"]
[Date "2000.07.31"]
[Round "?"]
[White "Hossa"]
[Black "Tinker"]
[Result "1-0"]
[WhiteElo "2461"]
[BlackElo "2470"]
[PlyCount "199"]
[EventDate "2000.??.??"]

1. e4 d5 2. exd5 Qxd5 3. Nc3 Qe6+ 4. Nge2 Nf6 5. d4 Qb6 6. Ng3 Bd7 7. Rb1 Na6
8. d5 O-O-O 9. Be3 Qd6 10. Qd4 Qb6 11. Qc4 Qb4 12. a3 Qxc4 13. Bxc4 Kb8 14. Rd1
h5 15. Nge2 Re8 16. Bxa6 bxa6 17. Bg5 h4 18. h3 Rh5 19. Be3 e5 20. Nc1 Bf5 21.
Nd3 Ne4 22. Na2 a5 23. Rb1 Ka8 24. Rg1 f6 25. f3 Ng3 26. Nc3 Bxd3 27. cxd3 Nf5
28. Bf2 Rb8 29. Rh1 Rb7 30. Kd2 Nd4 31. Rhe1 Nb3+ 32. Kc2 Rb8 33. Re4 g5 34.
Ra4 f5 35. d4 Bd6 36. dxe5 Bxe5 37. Re1 Bd6 38. Ne2 Rh7 39. Nd4 Nxd4+ 40. Bxd4
Rb5 41. Re8+ Kb7 42. Bf6 Rc5+ 43. Kb1 Bf4 44. Rd8 Rc1+ 45. Ka2 Rc2 46. Bd4 a6
47. Rxa5 Bd6 48. Re8 Rd2 49. Ra4 Rxg2 50. Rc4 Re7 51. Rg8 Ree2 52. Kb3 Be7 53.
Rh8 Rg3 54. Rc3 Rxh3 55. Ka2 Bb4 56. axb4 Rhh2 57. Ka3 Rxb2 58. Rxc7+ Kxc7 59.
Bxb2 Rh3 60. Bf6 Rxf3+ 61. Ka4 h3 62. Bxg5 Kd6 63. Rd8+ Ke5 64. d6 Kd5 65. Ra8
Kxd6 66. Rxa6+ Kc7 67. Kb5 h2 68. Rh6 Rc3 69. Rxh2 Kd6 70. Re2 Rf3 71. Be7+ Kd5
72. Bc5 Rd3 73. Re7 Rh3 74. Re3 Rh4 75. Re2 Rg4 76. Re1 f4 77. Re2 Rg3 78. Rd2+
Ke6 79. Rd4 f3 80. Re4+ Kd5 81. Re1 Rg5 82. Re3 Rf5 83. Re7 Rh5 84. Re8 Rg5 85.
Re1 Rf5 86. Kb6 Rf6+ 87. Ka5 Kc6 88. Re7 Rf5 89. Re6+ Kd5 90. Re8 Rh5 91. Rf8
Ke4 92. Kb5 Rg5 93. Kc6 Rg6+ 94. Bd6 Re6 95. b5 Ke3 96. b6 Rh6 97. b7 Rh8 98.
Rxh8 f2 99. Rf8 Kd3 100. Rxf2 1-0

[Event "ICS rated blitz match"]
[Site "204.178.125.65"]
[Date "2000.07.31"]
[Round "?"]
[White "Tinker"]
[Black "Hossa"]
[Result "1-0"]
[WhiteElo "2454"]
[BlackElo "2477"]
[PlyCount "191"]
[EventDate "2000.??.??"]

1. e4 c5 2. Nf3 g6 3. d4 cxd4 4. Qxd4 Nf6 5. Qa4 Nc6 6. e5 Nd5 7. Bd3 Bg7 8.
O-O Qc7 9. Re1 e6 10. Qe4 f6 11. exf6 Nxf6 12. Qh4 O-O 13. Nc3 Nh5 14. Nb5 Qb8
15. Ng5 Bf6 16. Qh3 Bxg5 17. Bxg5 a6 18. Nc3 Nb4 19. Be7 Nxd3 20. Qxd3 Rf7 21.
Bd6 Qa7 22. Ne4 Nf6 23. Bc5 b6 24. Nxf6+ Rxf6 25. Qd4 Rf5 26. Bxb6 Qb7 27. c4
Rb8 28. c5 d5 29. Ba5 Qg7 30. Qxg7+ Kxg7 31. c6 d4 32. Bc7 Rxb2 33. Be5+ Kf7
34. Bxd4 Rd2 35. Bb6 Rb5 36. Be3 Rc2 37. Rec1 Rbb2 38. a4 e5 39. a5 Kf6 40. Kf1
Bg4 41. Rxc2 Rxc2 42. Rc1 Rxc1+ 43. Bxc1 Ke6 44. f4 e4 45. h3 Bd1 46. Ba3 e3
47. c7 Kd7 48. Bd6 h6 49. Ke1 Bc2 50. Ke2 Be4 51. g4 Bg2 52. h4 Bh3 53. Be5
Bxg4+ 54. Kxe3 Kc6 55. h5 gxh5 56. Ke4 h4 57. f5 Kb7 58. Kf4 Bh5 59. f6 Kc8 60.
Kf5 Bf7 61. Kg4 Kb7 62. Kxh4 Kc8 63. Bh2 Kb7 64. Kg4 Bg6 65. Bd6 Kc8 66. Kf4
Kb7 67. Be5 Bf7 68. Kf5 Kc8 69. Bd6 Kb7 70. Kg4 Bg6 71. Be5 Be8 72. Kf5 Bf7 73.
Bh2 Kc8 74. Kg4 Kd7 75. Be5 Kc8 76. Kh4 Kb7 77. Kg3 Bd5 78. Kf4 Bf7 79. Bd6 Bg6
80. Ke5 Bf7 81. Kf5 Kc8 82. Be5 Kb7 83. Bf4 Kc8 84. Ke4 h5 85. Kf5 Kb7 86. Kg5
Be8 87. Kh6 Kc8 88. Kg7 h4 89. f7 Bxf7 90. Kxf7 Kd7 91. Bh2 Kc8 92. Ke6 h3 93.
Ke7 Kb7 94. Kd7 Ka8 95. c8=Q+ Ka7 96. Bg1# {Hossa checkmated} 1-0

[Event "ICS rated blitz match"]
[Site "204.178.125.65"]
[Date "2000.07.31"]
[Round "?"]
[White "Hossa"]
[Black "Tinker"]
[Result "1/2-1/2"]
[WhiteElo "2460"]
[BlackElo "2471"]
[PlyCount "193"]
[EventDate "2000.??.??"]

1. e4 d5 2. exd5 Qxd5 3. Nc3 Qe6+ 4. Nge2 Nf6 5. d4 Bd7 6. d5 Qg4 7. Bf4 Na6 8.
f3 Qh4+ 9. g3 Qh5 10. g4 Qh4+ 11. Ng3 Nh5 12. Qd2 Nxf4 13. Qxf4 e6 14. dxe6
fxe6 15. O-O-O Be7 16. Nge4 O-O-O 17. Bxa6 bxa6 18. Qe3 Bc6 19. Qxa7 Bb7 20.
Rd3 Rxd3 21. cxd3 e5 22. Kb1 Qh3 23. Qf2 Rd8 24. Qe2 Qh6 25. Ng3 Qe6 26. Nf5
Bb4 27. Rc1 Qd7 28. a3 Bf8 29. Kc2 g6 30. Ne3 Bh6 31. Re1 Qf7 32. Rf1 Bf4 33.
Nc4 Qd7 34. Re1 Bc6 35. h3 Qd4 36. h4 Bg3 37. Rh1 Rf8 38. Ne4 Bf4 39. Re1 Rd8
40. b3 h6 41. Nc3 Bg3 42. Rh1 Rf8 43. Ne4 Bf4 44. Rd1 Rd8 45. Nc3 h5 46. Na5
Rd6 47. Ne4 Re6 48. Kb1 hxg4 49. Qc2 Qb6 50. Nc4 Qd4 51. fxg4 Bd7 52. Na5 Rb6
53. Nc4 Rc6 54. Qe2 Be6 55. h5 gxh5 56. gxh5 Bf5 57. Qf3 Qd5 58. Rg1 Rh6 59.
Rg7 Be6 60. Ned6+ Kb8 61. Qxd5 Bxd5 62. Ne8 e4 63. dxe4 Bxe4+ 64. Kb2 Rxh5 65.
Nf6 Rh2+ 66. Kc3 Rh3+ 67. Kb4 Bc2 68. Nd7+ Ka7 69. Nc5 Rh4 70. Kc3 Bf5 71. Rf7
Bc8 72. Rf8 Bh3 73. Rf6 Bc8 74. a4 Rh3+ 75. Kc2 Bh2 76. Rf8 Rh5 77. Rxc8 Rxc5
78. Kd3 Rd5+ 79. Ke4 Rh5 80. Rg8 Kb7 81. Rd8 Rh4+ 82. Kd5 c6+ 83. Ke6 Re4+ 84.
Kf6 Kc7 85. Rh8 Bg3 86. Rh7+ Kb8 87. Na5 c5 88. Nc6+ Kc8 89. Ra7 c4 90. Rg7 Bd6
91. Kf5 Rf4+ 92. Ke6 Bf8 93. Na7+ Kb8 94. Nc6+ Kc8 95. Na7+ Kb8 96. Nc6+ Kc8
97. Na7+ 1/2-1/2

[Event "ICS rated blitz match"]
[Site "204.178.125.65"]
[Date "2000.07.31"]
[Round "?"]
[White "Tinker"]
[Black "Hossa"]
[Result "0-1"]
[WhiteElo "2470"]
[BlackElo "2461"]
[PlyCount "196"]
[EventDate "2000.??.??"]

1. e4 c6 2. d4 d5 3. exd5 cxd5 4. Nf3 Nf6 5. Ne5 a6 6. Bf4 Nc6 7. Nxc6 bxc6 8.
Nc3 e6 9. Qf3 Bb7 10. Be2 c5 11. Qe3 Qb6 12. Be5 Nd7 13. O-O-O Nxe5 14. Qxe5
cxd4 15. Na4 Qd6 16. Qxd4 Be7 17. Qxg7 Qf4+ 18. Kb1 Bf6 19. Qg4 Qxg4 20. Bxg4
d4 21. Rhg1 Rc8 22. Be2 Be5 23. Rge1 Bf6 24. g4 Be4 25. Rd2 Bb7 26. g5 Bxg5 27.
Rxd4 Rc7 28. Nb6 Bf6 29. Rg4 Be7 30. f3 Bd6 31. h3 Bc5 32. Na4 Bf2 33. Rf1 Be3
34. Bd3 f5 35. Rg3 Bf4 36. Rg2 Kf7 37. Nc3 Rd8 38. Ne2 Be5 39. Rgf2 Bf6 40. Nc1
Bg5 41. Nb3 Bf4 42. Ka1 Rb8 43. Rg2 Kf8 44. Nd4 Bc8 45. Re1 Rb6 46. Rge2 Kf7
47. Rg2 Kf8 48. c3 e5 49. Nxf5 Rf7 50. Ne3 Rd6 51. Bc2 Bxh3 52. Rge2 Be6 53.
Rh1 h6 54. Ng2 Bg3 55. Be4 Bc4 56. Rc2 Rfd7 57. Rcc1 Rb6 58. Rh3 Bf2 59. Rch1
Rg7 60. f4 exf4 61. Nxf4 Bf7 62. Rxh6 Rxh6 63. Rxh6 Rg1+ 64. Bb1 Be3 65. Rh8+
Kg7 66. Rh7+ Kg8 67. Rxf7 Kxf7 68. Nd5 Bc1 69. b4 Rd1 70. c4 Ba3 71. Ne3 Rg1
72. Nc2 Bc1 73. a4 Kf6 74. b5 Rg4 75. Ba2 axb5 76. axb5 Rg1 77. Bb3 Be3+ 78.
Ka2 Bc5 79. Kb2 Rg3 80. Ba2 Bd6 81. Kc1 Bf4+ 82. Kd1 Rg2 83. Nb4 Rd2+ 84. Ke1
Rb2 85. Nd3 Bg3+ 86. Kf1 Rxa2 87. b6 Rd2 88. Nc5 Kf5 89. Nb3 Rf2+ 90. Kg1 Rb2
91. Nd4+ Ke5 92. Nc6+ Kd6 93. Nd8 Bf2+ 94. Kf1 Bxb6 95. Nf7+ Kc5 96. Ng5 Kxc4
97. Ne6 Rf2+ 98. Ke1 Kd3 {Tinker resigns} 0-1

[Event "ICS rated blitz match"]
[Site "204.178.125.65"]
[Date "2000.07.31"]
[Round "?"]
[White "Hossa"]
[Black "Colorado"]
[Result "0-1"]
[WhiteElo "2477"]
[BlackElo "2519"]
[PlyCount "136"]
[EventDate "2000.??.??"]

1. e4 c5 2. Nf3 d6 3. Bc4 Nf6 4. d3 e6 5. O-O Be7 6. Re1 O-O 7. Nc3 Nc6 8. a3
Na5 9. Ba2 Bd7 10. e5 Ng4 11. exd6 Bxd6 12. Ne4 Be7 13. Kf1 Qc7 14. h3 Nf6 15.
Bg5 Qd8 16. Qd2 Nxe4 17. Rxe4 Bxg5 18. Qxg5 Qxg5 19. Nxg5 h6 20. Nf3 Bc6 21.
Re3 Bxf3 22. Rxf3 Nc6 23. c3 Rad8 24. Ke2 Kh7 25. Rh1 a5 26. h4 b5 27. h5 Rd7
28. Rg3 Rfd8 29. Rh4 Ne7 30. Rhg4 Nf5 31. Rh3 Rd6 32. Bb3 a4 33. Bc2 Rd5 34.
Rf4 g5 35. hxg6+ fxg6 36. Re4 e5 37. Ke1 Nd6 38. Rg4 Nf5 39. Kd2 c4 40. Re4
cxd3 41. Bxd3 Nd6 42. Ke3 Nxe4 43. Kxe4 Kg7 44. Rf3 Rc5 45. Ke3 Rd6 46. Bb1
Rcd5 47. Ke4 Rd2 48. Kxe5 Rd8 49. Be4 Re8+ 50. Kf4 Rxb2 51. Ke3 Ra2 52. Kd4
Rxa3 53. Bc6 Rd8+ 54. Kc5 Ra2 55. Kxb5 a3 56. Kb4 Ra1 57. Kb3 Rb8+ 58. Kc4 Rd1
59. Ba4 a2 60. Bxd1 a1=Q 61. Bc2 Qa2+ 62. Kd4 Qxc2 63. c4 Qd2+ 64. Kc5 Rc8+ 65.
Kb6 Qb4+ 66. Ka7 Qa5+ 67. Kb7 Rc7+ 68. Kb8 Qa7# {Hossa checkmated} 0-1

[Event "ICS rated standard match"]
[Site "204.178.125.65"]
[Date "2000.07.31"]
[Round "?"]
[White "Hossa"]
[Black "JoseCapaAnton"]
[Result "1-0"]
[WhiteElo "2278"]
[BlackElo "1933"]
[PlyCount "49"]
[EventDate "2000.??.??"]

1. e4 e6 2. d4 d5 3. Nc3 Be7 4. Nf3 b6 5. Bd3 Ba6 6. Bxa6 Nxa6 7. exd5 exd5 8.
Qe2 Nb8 9. Bg5 h6 10. Bh4 c6 11. O-O-O Nd7 12. g4 Ngf6 13. Rde1 g5 14. Bg3 Nf8
15. Ne5 Rc8 16. Qa6 Ne6 17. Qa4 b5 18. Qa6 O-O 19. Nxc6 Rxc6 20. Qxc6 Nxd4 21.
Qa6 Bb4 22. Be5 Bxc3 23. bxc3 Nf3 24. Bxf6 Qc7 25. Re3 1-0

[Event "ICS rated standard match"]
[Site "204.178.125.65"]
[Date "2000.07.31"]
[Round "?"]
[White "Hossa"]
[Black "Tinker"]
[Result "1-0"]
[WhiteElo "2282"]
[BlackElo "2400"]
[PlyCount "131"]
[EventDate "2000.??.??"]

1. e4 d5 2. exd5 Qxd5 3. Nc3 Qe6+ 4. Nge2 Na6 5. d4 Nf6 6. d5 Qd6 7. Nf4 Bd7 8.
Bc4 O-O-O 9. Be3 Ng4 10. Nd3 Nxe3 11. fxe3 h5 12. O-O f5 13. Bxa6 Qxa6 14. Ne5
e6 15. Nf7 Bc5 16. Qc1 exd5 17. Nxd8 Rxd8 18. Nxd5 Qc4 19. Rd1 Bc6 20. b4 Rxd5
21. bxc5 Qxc5 22. Rxd5 Qxd5 23. Qf1 Qe4 24. Qf2 Ba4 25. Rc1 g6 26. Qd2 Bc6 27.
Rd1 b6 28. c3 Kb7 29. a3 h4 30. h3 Qe7 31. Ra1 Be4 32. Ra2 Qe6 33. Rb2 Qd6 34.
Qxd6 cxd6 35. Rb4 g5 36. Rd4 d5 37. c4 Kc6 38. cxd5+ Bxd5 39. Kf2 Kd6 40. g3
hxg3+ 41. Kxg3 Ke5 42. Ra4 a5 43. h4 Bb3 44. Rd4 f4+ 45. Kf2 gxh4 46. Rxf4 h3
47. Rh4 Be6 48. Rh5+ Kd6 49. e4 Kc6 50. Kf3 b5 51. Ke3 b4 52. Rxa5 b3 53. Kd3
Kd7 54. Rh5 Bg4 55. Rh6 Ke7 56. e5 Be6 57. a4 Kf7 58. a5 Kg7 59. Rh4 Kg6 60. a6
Kg5 61. a7 Bd5 62. Rxh3 Kg4 63. Rh8 b2 64. Kc2 b1=Q+ 65. Kxb1 Be4+ 66. Kb2 {
Tinker resigns} 1-0

[Event "ICS rated blitz match"]
[Site "204.178.125.65"]
[Date "2000.07.31"]
[Round "?"]
[White "Hossa"]
[Black "MissSilicon"]
[Result "0-1"]
[WhiteElo "2463"]
[BlackElo "2750"]
[PlyCount "134"]
[EventDate "2000.??.??"]

1. e4 e5 2. Nc3 Nf6 3. Nf3 Nc6 4. d4 exd4 5. Nxd4 Bb4 6. Nxc6 bxc6 7. Bg5 O-O
8. Qf3 d5 9. Bxf6 Qxf6 10. Qxf6 gxf6 11. exd5 cxd5 12. O-O-O c6 13. Rd4 Rb8 14.
Rf4 Re8 15. Bd3 Bxc3 16. bxc3 Kg7 17. c4 Rb4 18. Rf3 dxc4 19. Rg3+ Kh6 20. c3
Ra4 21. Bb1 Ra5 22. f4 Re2 23. Rd1 Rf2 24. Rd4 Rf1+ 25. Rd1 Rxf4 26. Rg8 Be6
27. Rg1 Rf2 28. h4 Ra3 29. Rg3 f5 30. Bc2 f4 31. Rf3 Rxf3 32. gxf3 Rxc3 33. Rg5
Rxf3 34. Bd1 Rg3 35. Rh5+ Kg7 36. Re5 f3 37. Re4 Rg1 38. Rf4 Bg4 39. Kd2 f2 40.
Bxg4 f1=Q 41. Rxf1 Rxf1 42. Kc3 Rc1+ 43. Kb4 Rc2 44. a3 a5+ 45. Kxa5 c3 46. Kb4
Rg2 47. Bf5 c2 48. Bxc2 Rxc2 49. Kb3 Rc1 50. a4 f5 51. Kb2 Ra1 52. Kxa1 f4 53.
a5 f3 54. Kb2 f2 55. Kc3 f1=Q 56. Kd2 Qf2+ 57. Kd3 Qxh4 58. a6 Qa4 59. Ke3 Qa3+
60. Kf4 h5 61. Ke4 h4 62. Kf4 h3 63. Kf5 Qd3+ 64. Kg4 h2 65. Kf4 h1=Q 66. Kg5
Qg6+ 67. Kf4 Qhe4# 0-1

[Event "ICS rated blitz match"]
[Site "204.178.125.65"]
[Date "2000.07.31"]
[Round "?"]
[White "MissSilicon"]
[Black "Hossa"]
[Result "0-1"]
[WhiteElo "2755"]
[BlackElo "2458"]
[PlyCount "98"]
[EventDate "2000.??.??"]

1. f4 Nf6 2. Nf3 g6 3. b3 Bg7 4. Bb2 d5 5. e3 Nc6 6. Be2 Bf5 7. O-O Nb4 8. Nd4
Bd7 9. a3 Nc6 10. Nxc6 Bxc6 11. Be5 e6 12. Nc3 a6 13. Qc1 Qe7 14. Qe1 h5 15.
Qh4 Rg8 16. Rad1 Rc8 17. d4 Nd7 18. Qxe7+ Kxe7 19. Bxg7 Rxg7 20. Bd3 f5 21. a4
Nf6 22. b4 Rcg8 23. b5 axb5 24. axb5 Bd7 25. Ra1 g5 26. fxg5 Rxg5 27. Rf2 h4
28. Ra7 Bc8 29. Re2 Ng4 30. b6 cxb6 31. Na4 Kd7 32. Nxb6+ Kc6 33. Nxc8 Rxc8 34.
h3 Nf6 35. Kf1 Rg7 36. c4 dxc4 37. Bxc4 Kd6 38. Bd3 Nd5 39. Kf2 f4 40. e4 Ne3
41. Re1 Rxg2+ 42. Kf3 Rg3+ 43. Kf2 Rc3 44. e5+ Kd5 45. Bb1 Rxh3 46. Rxb7 Ng4+
47. Ke2 Rh2+ 48. Kd1 Ne3+ 49. Rxe3 fxe3 0-1

[Event "ICS rated blitz match"]
[Site "204.178.125.65"]
[Date "2000.07.31"]
[Round "?"]
[White "Hossa"]
[Black "Tinker"]
[Result "0-1"]
[WhiteElo "2485"]
[BlackElo "2454"]
[PlyCount "92"]
[EventDate "2000.??.??"]

1. d4 d5 2. c4 e6 3. Nc3 Nf6 4. cxd5 exd5 5. Bg5 Bb4 6. e3 c6 7. Qc2 h6 8. Bxf6
Qxf6 9. a3 Bf5 10. Qb3 Bxc3+ 11. bxc3 Qe7 12. Nf3 O-O 13. a4 b6 14. c4 Be4 15.
Bd3 Nd7 16. Bxe4 dxe4 17. Nd2 Qg5 18. g3 Nf6 19. Qa3 Qa5 20. h3 Rad8 21. Rb1
Qh5 22. a5 c5 23. axb6 axb6 24. Rb5 Rfe8 25. Qa7 Rxd4 26. Qxb6 Nd7 27. Qc6 Rd3
28. Ra5 Rd8 29. Qc7 Ne5 30. g4 Qg5 31. O-O Rxd2 32. Rxc5 Nf3+ 33. Kg2 Qf6 34.
Rb5 Ne1+ 35. Kg1 Qf3 36. Qg3 Qe2 37. Rb1 Rd1 38. Rxd1 Rxd1 39. Qb8+ Kh7 40. Qh2
Nf3+ 41. Kg2 Nh4+ 42. Kg3 Qf3+ 43. Kxh4 g5+ 44. Kh5 Qf6 45. Qd6 Qg6+ 46. Qxg6+
fxg6# 0-1

[Event "ICS rated blitz match"]
[Site "204.178.125.65"]
[Date "2000.07.31"]
[Round "?"]
[White "Hossa"]
[Black "Einsteller"]
[Result "1-0"]
[WhiteElo "2473"]
[BlackElo "2174"]
[PlyCount "91"]
[EventDate "2000.??.??"]

1. e4 c5 2. Nf3 d6 3. d4 cxd4 4. Nxd4 Nf6 5. Nc3 Nc6 6. Bg5 Qb6 7. Nb3 e6 8.
Bd3 Be7 9. Be3 Qc7 10. Nb5 Qb8 11. f3 a6 12. Nc3 b5 13. a4 b4 14. Ne2 O-O 15.
Nf4 e5 16. Nd5 Nxd5 17. exd5 Nd8 18. Bc4 f5 19. Na5 Bf6 20. Nc6 Qb7 21. Qd2 a5
22. Bg5 Qf7 23. Bxf6 Qxf6 24. b3 Nf7 25. Kf2 Nh6 26. c3 bxc3 27. Qxc3 f4 28.
Nxa5 Nf5 29. Nc6 Ne3 30. Rag1 Kh8 31. Qb4 g5 32. h3 h5 33. Rc1 Rf7 34. a5 Rb7
35. Qd2 Rh7 36. b4 g4 37. hxg4 hxg4 38. Rxh7+ Kxh7 39. Rh1+ Kg8 40. Bd3 g3+ 41.
Ke2 Bf5 42. Bxf5 Nxf5 43. Qc2 Kg7 44. Rh5 Kg6 45. Rxf5 Qxf5 46. Ne7+ 1-0

[Event "ICS rated blitz match"]
[Site "204.178.125.65"]
[Date "2000.07.31"]
[Round "?"]
[White "Einsteller"]
[Black "Hossa"]
[Result "0-1"]
[WhiteElo "2169"]
[BlackElo "2478"]
[PlyCount "78"]
[EventDate "2000.??.??"]

1. e4 e5 2. Nf3 Nf6 3. d3 Nc6 4. Nbd2 d5 5. g3 dxe4 6. dxe4 Bg4 7. Bg2 Nd4 8.
O-O Nxf3+ 9. Bxf3 Bh3 10. Re1 Qe7 11. Qe2 g5 12. Nc4 g4 13. Bh1 O-O-O 14. Ne3
Qc5 15. Nf5 Qc6 16. c3 h5 17. a4 Rg8 18. Qb5 Qe6 19. Be3 a6 20. Qe2 Ne8 21. b4
Nd6 22. b5 a5 23. Nxd6+ Rxd6 24. c4 Rd8 25. c5 h4 26. Qc2 hxg3 27. fxg3 Bh6 28.
Qc3 Bxe3+ 29. Rxe3 b6 30. Rc1 Rd4 31. Re2 Rgd8 32. Bg2 Rd1+ 33. Re1 R8d3 34.
Qb2 R3d2 35. Qxd2 Rxd2 36. Bxh3 gxh3 37. Rcd1 Qa2 38. Rf1 Rxd1 39. Rxd1 Qg2#
0-1

[Event "ICS rated blitz match"]
[Site "204.178.125.65"]
[Date "2000.07.31"]
[Round "?"]
[White "Einsteller"]
[Black "Hossa"]
[Result "0-1"]
[WhiteElo "2160"]
[BlackElo "2487"]
[PlyCount "56"]
[EventDate "2000.??.??"]

1. Nf3 d5 2. d4 Nf6 3. g3 e6 4. Bg2 Be7 5. O-O c5 6. c3 Nc6 7. Bf4 Bd6 8. e3
Bxf4 9. gxf4 Qb6 10. Qb3 Qxb3 11. axb3 Ne4 12. Nbd2 Nxd2 13. Nxd2 cxd4 14. cxd4
Bd7 15. Nb1 Nb4 16. Nc3 f5 17. Rfc1 Ke7 18. Bf1 Rhf8 19. Na4 b6 20. Rc7 Kd6 21.
Rac1 Nc6 22. Rb7 Na5 23. Rbc7 Nxb3 24. Rxd7+ Kxd7 25. Bb5+ Ke7 26. Rc7+ Kf6 27.
Kf1 Rfc8 28. Rxc8 Rxc8 0-1

[Event "ICS rated blitz match"]
[Site "204.178.125.65"]
[Date "2000.07.31"]
[Round "?"]
[White "Hossa"]
[Black "Einsteller"]
[Result "1-0"]
[WhiteElo "2491"]
[BlackElo "2156"]
[PlyCount "59"]
[EventDate "2000.??.??"]

1. e4 c5 2. c3 e6 3. d4 d5 4. e5 Nd7 5. Nf3 Ne7 6. Bb5 Nc6 7. Bg5 Be7 8. Bxe7
Qxe7 9. Nbd2 O-O 10. Qa4 Nb6 11. Qa3 c4 12. Nb1 Qc7 13. Bxc6 Qxc6 14. Nbd2 Qa4
15. Qxa4 Nxa4 16. Rb1 b5 17. Nf1 a5 18. Kd2 Bd7 19. b3 Nb6 20. Ng3 a4 21. b4 a3
22. h4 f5 23. h5 h6 24. Nh4 Be8 25. f4 Na4 26. Rbg1 Nb2 27. Rh2 Ra4 28. Ke3 Bf7
29. Ng6 Rc8 30. Ne7+ 1-0

[Event "ICS rated blitz match"]
[Site "204.178.125.65"]
[Date "2000.07.31"]
[Round "?"]
[White "Einsteller"]
[Black "Hossa"]
[Result "0-1"]
[WhiteElo "2152"]
[BlackElo "2495"]
[PlyCount "78"]
[EventDate "2000.??.??"]

1. d4 Nf6 2. c4 e6 3. Nc3 Bb4 4. e3 d5 5. Bd3 c5 6. Nge2 cxd4 7. exd4 dxc4 8.
Bxc4 Nc6 9. O-O Bd7 10. f3 Rc8 11. Bd3 O-O 12. Be3 Kh8 13. g4 Ne7 14. a3 Nfd5
15. Bd2 Ba5 16. Rc1 Bb6 17. Na4 Nc6 18. Nxb6 Qxb6 19. Bc3 Ne3 20. Qd2 Nxf1 21.
Rxf1 e5 22. Qg5 exd4 23. Bd2 Qxb2 24. Ng3 Qxa3 25. Nh5 Rg8 26. Bxh7 Qe7 27.
Bxg8 Qxg5 28. Bxg5 Rxg8 29. h3 b5 30. f4 a5 31. f5 a4 32. f6 g6 33. Ng3 Re8 34.
Bh6 b4 35. Bg7+ Kh7 36. Rf4 g5 37. Rf1 a3 38. h4 gxh4 39. Nh5 a2 0-1

[Event "ICS rated blitz match"]
[Site "204.178.125.65"]
[Date "2000.07.31"]
[Round "?"]
[White "Hossa"]
[Black "Einsteller"]
[Result "1-0"]
[WhiteElo "2499"]
[BlackElo "2148"]
[PlyCount "75"]
[EventDate "2000.??.??"]

1. e4 c5 2. Nf3 d6 3. d4 cxd4 4. Nxd4 Nf6 5. Nc3 Nc6 6. Bg5 Qb6 7. Nb3 e6 8.
Bd3 a6 9. a3 Be7 10. h3 O-O 11. a4 Qc7 12. a5 b5 13. axb6 Qxb6 14. Be3 Qc7 15.
Bf4 Ne5 16. Bf1 Bb7 17. Qd4 Nh5 18. Bh2 g5 19. Na5 Bf6 20. Qd1 Nf4 21. Nxb7
Qxb7 22. Rb1 Rac8 23. f3 Rfd8 24. h4 h6 25. hxg5 hxg5 26. Bg3 Kg7 27. Ne2 Neg6
28. c3 d5 29. Bxf4 gxf4 30. exd5 Rxd5 31. Qa4 Be5 32. c4 Rd6 33. b3 Rcd8 34.
Qa5 Rd3 35. Rh5 Re3 36. Qxd8 Qb4+ 37. Kf2 Qd2 38. Qxd2 {Einsteller resigns} 1-0

[Event "ICS rated blitz match"]
[Site "204.178.125.65"]
[Date "2000.07.31"]
[Round "?"]
[White "Einsteller"]
[Black "Hossa"]
[Result "0-1"]
[WhiteElo "2144"]
[BlackElo "2503"]
[PlyCount "80"]
[EventDate "2000.??.??"]

1. e4 e5 2. Nc3 Nf6 3. Nf3 Nc6 4. Bc4 Nxe4 5. Bxf7+ Kxf7 6. Nxe4 d5 7. Neg5+
Ke8 8. d4 h6 9. Nh3 Bxh3 10. gxh3 exd4 11. Nxd4 Qe7+ 12. Kf1 Qe4 13. Nf3 Nb4
14. Rg1 Nxc2 15. Rg4 Qh7 16. Rb1 c6 17. Bd2 h5 18. Rg3 Bd6 19. Rc1 Bxg3 20.
hxg3 Rf8 21. Kg2 Qe4 22. Bf4 g5 23. Rxc2 g4 24. Rc3 d4 25. Rd3 gxf3+ 26. Kh2
Qe2 27. Rd2 Qxd1 28. Rxd1 c5 29. b4 b6 30. bxc5 bxc5 31. Re1+ Kd7 32. Re5 Kc6
33. Rxh5 Rh8 34. Rf5 Raf8 35. Rg5 Re8 36. Rg6+ Kb5 37. Rg7 Re2 38. Kg1 Rxh3 39.
Re7 Rxe7 40. Bd2 Reh7 {Einsteller resigns} 0-1

[Event "ICS rated blitz match"]
[Site "204.178.125.65"]
[Date "2000.07.31"]
[Round "?"]
[White "MissSilicon"]
[Black "Hossa"]
[Result "1-0"]
[WhiteElo "2747"]
[BlackElo "2510"]
[PlyCount "173"]
[EventDate "2000.??.??"]

1. c4 e5 2. Nc3 Nf6 3. g3 d5 4. cxd5 Nxd5 5. Bg2 Nb6 6. d3 Be7 7. f4 exf4 8.
Bxf4 Bb4 9. Nf3 Nd5 10. Bd2 Nc6 11. Nxd5 Qxd5 12. Bxb4 Nxb4 13. Qa4+ Nc6 14.
O-O Be6 15. Nd2 Qd7 16. Nb3 Nd8 17. Qxd7+ Bxd7 18. Rac1 c6 19. Nc5 Bc8 20. Ne4
f6 21. Nd6+ Ke7 22. Nxc8+ Rxc8 23. Rc4 Ne6 24. Kf2 Rcd8 25. Ke3 Rhe8 26. b3 g6
27. h4 Kf7 28. g4 Nd4+ 29. Be4 Nb5 30. Rf4 Re5 31. d4 Re7 32. Kd3 Nd6 33. Rc5
Rde8 34. Bf3 Re3+ 35. Kc2 R8e7 36. Rc3 Rxe2+ 37. Bxe2 Rxe2+ 38. Kb1 Ne4 39. Rc2
Re3 40. Kb2 a5 41. Ka3 Nc3 42. g5 f5 43. h5 Rh3 44. hxg6+ Kxg6 45. Rf1 Kxg5 46.
Rcf2 Nb5+ 47. Ka4 Nxd4 48. Rd2 Rh4 49. Kxa5 Kf6 50. Kb6 Nxb3 51. axb3 Rb4+ 52.
Ka7 Rxb3 53. Rh2 b5 54. Rc2 Kg5 55. Rc5 Kg4 56. Rfxf5 b4 57. Rg5+ Kf4 58. Rh5
Ra3+ 59. Kb6 b3 60. Rc4+ Ke3 61. Rh3+ Kd2 62. Rg4 Ke2 63. Rg2+ Kf1 64. Rb2 Kg1
65. Rxh7 Ra1 66. Rg7+ Kf1 67. Rf7+ Kg1 68. Rxb3 Kg2 69. Rd3 Rc1 70. Rd6 Kh3 71.
Rg6 Rb1+ 72. Kc7 Rb4 73. Kxc6 Rc4+ 74. Kd5 Rh4 75. Rfg7 Rh5+ 76. Ke4 Kh2 77.
Rg2+ Kh1 78. R2g5 Rh8 79. Rg1+ Kh2 80. R7g2+ Kh3 81. Rg8 Rxg8 82. Rxg8 Kh4 83.
Kf5 Kh3 84. Kf4 Kh2 85. Kf3 Kh1 86. Kf2 Kh2 87. Rh8# {Hossa checkmated} 1-0